Basic and agricultural bio-technology / (Record no. 4732)
[ view plain ]
| 000 -LEADER | |
|---|---|
| fixed length control field | 00476cam a2200181ua 4500 |
| 003 - CONTROL NUMBER IDENTIFIER | |
| control field | OSt |
| 008 - FIXED-LENGTH DATA ELEMENTS--GENERAL INFORMATION | |
| fixed length control field | 240124b |||||||| |||| 00| 0 eng d |
| 020 ## - INTERNATIONAL STANDARD BOOK NUMBER | |
| ISBN | 81 85031 63 0 |
| 041 ## - LANGUAGE CODE | |
| Language code of text/sound track or separate title | eng |
| 082 ## - DEWEY DECIMAL CLASSIFICATION NUMBER | |
| Classification number | 660.6 |
| Item number | PUR/BA |
| 100 ## - MAIN ENTRY--AUTHOR NAME | |
| Personal name | Purohit, S S . |
| 245 ## - TITLE STATEMENT | |
| Title | Basic and agricultural bio-technology / |
| 260 ## - PUBLICATION, DISTRIBUTION, ETC. (IMPRINT) | |
| Place of publication | : |
| Name of publisher | Agro botanical publishers , |
| Year of publication | 1993. |
| 300 ## - PHYSICAL DESCRIPTION | |
| Number of Pages | 598 ; . |
| 700 1# - ADDED ENTRY--PERSONAL NAME | |
| Personal name | Kothari, P R . |
| 700 1# - ADDED ENTRY--PERSONAL NAME | |
| Personal name | Mathur, S K . |
| 942 ## - ADDED ENTRY ELEMENTS (KOHA) | |
| Koha item type | Books |
| Withdrawn status | Lost status | Damaged status | Home library | Current library | Shelving location | Date acquired | Cost, normal purchase price | Full call number | Accession Number | Koha item type |
|---|---|---|---|---|---|---|---|---|---|---|
| KAUAET | KAUAET | General Stacks | 24/01/2024 | 850.00 | 660.6 PUR/BA | 19744 | Books |
